Manual de teoría jurídica del delito (Registro nro. 7764)
[ vista simple ]
| 000 -CABECERA | |
|---|---|
| Longitud fija campo de control | 00757cam a2200241 a 4500 |
| 001 - NÚMERO DE CONTROL | |
| Número de control | 14126538 |
| 003 - IDENTIFICADOR DELl NÚMERO DE CONTROL | |
| Identificador del número de control | OSt |
| 005 - FECHA Y HORA DE LA ÚLTIMA TRANSACCIÓN | |
| Fecha y hora de la última transacción | 20140307145910.0 |
| 008 - CÓDIGOS DE INFORMACIÓN DE LONGITUD FIJA | |
| Códigos de información de longitud fija | 050930s2003 es b 000 0 spa |
| 020 ## - NÚMERO INTERNACIONAL NORMALIZADO PARA LIBROS | |
| Número Internacional Normalizado para Libros (ISBN) | 99923-809-8-5 |
| 040 ## - FUENTE DE LA CATALOGACIÓN | |
| Centro transcriptor | BMC |
| 082 ## - NÚMERO DE LA CLASIFICACIÓN DECIMAL DEWEY | |
| Númeroo de clasificación | 345.7284 |
| 082 ## - NÚMERO DE LA CLASIFICACIÓN DECIMAL DEWEY | |
| Númeroo de clasificación | 347.057284 |
| 100 1# - PUNTO DE ACCESO PRINCIPAL-NOMBRE DE PERSONA | |
| 9 (RLIN) | 15015 |
| Nombre de persona | Serrano-Piedecasas, José Ramón |
| 245 10 - MENCIÓN DE TÍTULO | |
| Título | Manual de teoría jurídica del delito |
| Mención de responsabilidad, etc. | [José Ramón Serrano Piedecasas Fernández] |
| 250 ## - MENCIÓN DE EDICIÓN | |
| Mención de edición | 1ª ed |
| 260 ## - PUBLICACIÓN, DISTRIBUCIÓN, ETC. (PIE DE IMPRENTA) | |
| Lugar de publicación, distribución, etc. | El Salvador |
| Nombre del editor, distribuidor, etc. | Consejo Nacional de la Judicatura |
| Fecha de publicación, distribución, etc. | 2003 |
| 300 ## - DESCRIPCIÓN FÍSICA | |
| Extensión | 144 p. |
| Dimensiones | 23 cm |
| 650 24 - PUNTO DE ACCESO ADICIONAL DE MATERIA - TÉRMINO DE MATERIA | |
| Término de materia o nombre geográfico como elemento inicial | Derecho penal |
| 9 (RLIN) | 6647 |
| Subdivisión geográfica | El Salvador |
| 650 24 - PUNTO DE ACCESO ADICIONAL DE MATERIA - TÉRMINO DE MATERIA | |
| Término de materia o nombre geográfico como elemento inicial | Procedimiento penal |
| 9 (RLIN) | 6712 |
| Subdivisión geográfica | El Salvador |
| 710 2# - PUNTO DE ACCESO ADICIONAL - NOMBRE DE ENTIDAD | |
| Nombre de entidad o nombre de jurisdicción como elemento inicial | Consejo Nacional de la Judicatura (El Salvador) |
| 9 (RLIN) | 6779 |
| 942 ## - ENTRADA DE ELEMENTOS AGREGADOS (KOHA) | |
| Fuente de clasificaión o esquema | Dewey Decimal Classification |
| Koha [por defecto] tipo de item | 1- Monografias |
| Suprimido | Perdido | Fuente de clasificación o esquema | Estropeado | Restricciones de uso | No para préstamo | Código de colección | Localización permanente | Localización actual | Localización en estanter&íacute;as | Fecha adquisición | Fuente de adquisición | Número de inventario | Préstamos totales | Signatura completa | Código de barras | Fecha última consulta | Fecha último préstamo | Coste, precio reemplazado | Fecha del precio de reemplazo | Tipo de item de Koha | Renovaciones totales |
|---|---|---|---|---|---|---|---|---|---|---|---|---|---|---|---|---|---|---|---|---|---|
| NULL | NULL | Dewey Decimal Classification | NULL | Prestable | NULL | NULL | Biblioteca Miguel de Cervantes - UNICAES | Biblioteca Miguel de Cervantes - UNICAES | Sala Principal | 03/11/2010 | Donación - Rosa María Cuéllar | 012226 | 1 | 345.7284 SER man | 1012226 | 03/07/2019 | 03/07/2019 | 9.00 | 06/03/2014 | 1- Monografias | |
| NULL | NULL | Dewey Decimal Classification | NULL | Prestable | NULL | NULL | Biblioteca Miguel de Cervantes - UNICAES | Biblioteca Miguel de Cervantes - UNICAES | Sala Principal | 01/10/2004 | Donación - C.N.J. | 012227 | 1 | 345.7284 SER man | 1012227 | 13/07/2017 | 12/07/2017 | 9.00 | 06/03/2014 | 1- Monografias | |
| NULL | NULL | Dewey Decimal Classification | NULL | Prestable | NULL | NULL | Biblioteca Miguel de Cervantes - UNICAES | Biblioteca Miguel de Cervantes - UNICAES | Sala Principal | 01/10/2004 | Donación - C.N.J. | 012228 | 2 | 345.7284 SER man | 1012228 | 03/10/2023 | 03/10/2023 | 9.00 | 06/03/2014 | 1- Monografias | |
| NULL | NULL | Dewey Decimal Classification | NULL | Prestable | NULL | NULL | Biblioteca Miguel de Cervantes - UNICAES | Biblioteca Miguel de Cervantes - UNICAES | Sala Principal | 06/10/2004 | Donación - Facultad de Ciencias y Humanidades | 012229 | 345.7284 SER man | 1012229 | 06/03/2014 | 9.00 | 06/03/2014 | 1- Monografias | |||
| NULL | NULL | Dewey Decimal Classification | NULL | Prestable | NULL | NULL | Biblioteca Miguel de Cervantes - UNICAES | Biblioteca Miguel de Cervantes - UNICAES | Sala Principal | 01/10/2004 | Donación - C.N.J. | 012230 | 5 | 345.7284 SER man | 1012230 | 15/11/2022 | 07/11/2022 | 9.00 | 06/03/2014 | 1- Monografias | |
| NULL | NULL | Dewey Decimal Classification | NULL | Prestable | NULL | NULL | Biblioteca Miguel de Cervantes - UNICAES | Biblioteca Miguel de Cervantes - UNICAES | Sala Principal | 29/04/2009 | Donación - J. Giammattei | 012231 | 7 | 345.7284 SER man | 1012231 | 03/09/2019 | 30/08/2019 | 9.00 | 06/03/2014 | 1- Monografias | 1 |